000 00732nam a2200241Ia 4500
003 OSt
005 20220926002648.0
006 a|||||r|||| 00| 0
007 ta
008 220923b |||||||| |||| 00| 0 eng d
037 _cGeneral Book
040 _aRTL
_cRTL
_beng
041 _2eng
_aeng
082 _azN:g(A), M6
100 _aBaldev Singh Ed.
_9306250
245 0 _aJawaharlal Nehru on science
_b Speeches delivered at
260 _a New Delhi
_bNehru Memorial Museum and Library India
_c1986
300 _axi, 107p
_ccm.
490 _aNehru Memorial Museum and Library, Publication
650 _aNehruana
_9240287
942 _hzN:g(A), M6
_cGB
_2CC
999 _c605774
_d605774